[Event "Croatian junior league 2021"]
[Site "Rabac"]
[Date "2021.04.07"]
[Round "4.12"]
[White "Colev, Ivor"]
[Black "Jakrlin, Mihael"]
[Result "0-1"]
[WhiteElo "1847"]
[BlackElo "2106"]
[Annotator "TA"]
[PlyCount "60"]
[EventDate "2021.04.06"]
[EventType "swiss"]
[EventCountry "CRO"]
[SourceTitle "playchess.com"]
[Source "ChessBase"]
[SourceQuality "1"]

{[%evp 31,60,12,27,0,4,4,4,2,4,4,25,24,19,-14,8,-71,-84,-97,-30,-32,-35,-77,-80,-1542,-1517,-29973,-29974,-29964,-29964,-29993,-29994]} 1. e4 c5 2. Nf3 Nc6 3. d4 cxd4 4. Nxd4 Nf6 5. Nc3 e5 6. Ndb5 d6 7. Bg5 a6 8. Na3 b5 9. Nd5 Be7 10. Bxf6 Bxf6 11. c3 Rb8 12. Nc2 O-O 13. Be2 Bg5 14. Nce3 Be6 15. O-O Bxe3 16. Nxe3 Ne7 17. a4 {B33: Sicilian: Pelikan and Sveshnikov Variations.} bxa4 18. Qxa4 Rxb2 {[#]} 19. Bxa6 $146 {The position is equal.} ({Predecessor:} 19. Bc4 Bxc4 20. Nxc4 Re2 21. Qxa6 Rxe4 22. Nxd6 Rg4 23. Rfd1 Rg6 24. c4 Qc7 25. c5 Qxc5 26. Rac1 Qb4 27. Rc7 Nf5 28. Rc6 Qg4 29. Qf1 Nd4 {0-1 (29) Libersan,M (1755)-Caceres Cortes,J (2102) Montreal 2002}) 19... Qc7 20. Bc4 Rc8 {[%cal Re6c4]} 21. Bxe6 fxe6 22. c4 Rcb8 23. Rfd1 (23. c5 $11 {remains equal.} dxc5 24. Qc4) 23... Nc6 $17 24. Nc2 Nd4 ({Black should try} 24... h6 $17 25. h3 Kh7) 25. Nxd4 $11 exd4 26. Rxd4 Qc5 $40 {[%mdl 128] Black wants a kill.} 27. Rad1 {[%mdl 8192] [#] Loses the game.} (27. Qd1 $17) 27... e5 $1 $19 28. R4d2 Rxd2 {Black mates.} 29. Rxd2 {[#]} Qa5 $3 {[%cal Ra5a4][%mdl 512]} 30. Qc2 {[#]} (30. Qe8+ Rxe8) 30... Qxd2 $1 {[%cal Rd2e1][%mdl 512] Weighted Error Value: White=1.18/Black=0.09} 0-1

[Event "Croatian junior league 2021"]
[Site "Rabac"]
[Date "2021.04.07"]
[Round "4.13"]
[White "Troselj, Ivan"]
[Black "Perko, Bartol"]
[Result "1-0"]
[WhiteElo "1962"]
[BlackElo "1766"]
[Annotator "TA"]
[PlyCount "225"]
[EventDate "2021.04.06"]
[EventType "swiss"]
[EventCountry "CRO"]
[SourceTitle "playchess.com"]
[Source "ChessBase"]
[SourceQuality "1"]

{[%evp 13,225,55,81,81,70,42,65,46,77,79,94,85,71,71,82,85,91,85,95,97,104,91,127,126,120,122,183,189,177,201,345,85,76,67,69,18,38,0,0,0,148,139,219,202,238,175,166,181,181,177,201,215,220,116,110,124,132,18,19,26,20,11,11,0,0,0,0,0,132,132,133,97,97,97,88,83,207,82,82,82,63,56,133,137,233,233,233,226,226,226,226,218,218,207,378,218,668,86,643,434,658,654,434,378,308,280,218,212,1093,975,29973,29974,29975,29976,29975,11060,11060,10926,10872,10727,4625,226,4625,182,4625,4625,4620,120,112,0,4631,4595,4569,211,196,0,4569,192,196,193,189,181,181,167,211,0,105,98,98,83,83,83,83,0,0,0,0,0,164,142,142,142,142,142,135,109,102,14,403,403,403,396,380,380,327,327,312,148,158,142,265,151,11357,11357,6229,6275,5212,5122,1564,1246,11077,10849,6079,6079,1369,119,29984,29985,29988,29989,29993,29988,29988,29989,29989,29990,29990,29991,29990,29991,29992,29993,29993,29994]} 1. e4 d5 2. exd5 Qxd5 3. Nf3 Bg4 4. Be2 Nf6 5. c4 Qd8 6. d4 e6 7. O-O Be7 8. Qb3 {B01: Scandinavian Defence.} Qc8 9. Bf4 O-O 10. Nc3 {White is slightly better.} c6 11. h3 Bh5 12. d5 exd5 13. cxd5 {[#]} cxd5 $146 ({Predecessor:} 13... Rd8 14. Rac1 Nbd7 15. dxc6 bxc6 16. Rfd1 Nc5 17. Rxd8+ Qxd8 18. Qc4 Ne6 19. Ne5 Bxe2 20. Nxe2 {½-½ (51) Bailet,P (2492)-Lapshun,Y (2396) Barcelona 2016}) 14. Nxd5 Nxd5 15. Qxd5 Bg6 16. Rac1 Nc6 17. Ne5 Rd8 18. Nxc6 bxc6 19. Qxc6 Qf5 (19... Qxc6 $16 20. Rxc6 Bf6) 20. Bc7 $1 $18 {[%cal Rc7d8]} Rf8 21. Bf3 h5 (21... Rae8 $142 22. Rfd1 Bd8) 22. Qxa8 $2 (22. Rfe1 $18 {has better winning chances.} Qf6 23. Qxf6 Bxf6 24. Bxa8 Rxa8 25. Be5) 22... Rxa8 $16 23. Bxa8 Bg5 24. f4 (24. Rc3 $14) 24... Bf6 $11 25. b3 Bb2 26. Rc4 Qc8 {[#]} (26... Qd3 $11 {remains equal.}) 27. Rd1 $1 $16 {Threatens to win with Rd8+.} Kh7 (27... Qa6 $16 {is a better defense.}) 28. Bf3 $18 {aiming for Be5.} Qe6 29. Kh1 Bf5 30. Kh2 h4 31. Bd6 Qg6 {Now ...Bxh3 and Black clings on.} 32. Kh1 Qe6 33. Be5 (33. Bc5 $18) 33... Bxe5 $16 34. fxe5 g5 35. Be4 (35. Rc7 $16) 35... Qxe5 $11 36. Bxf5+ Qxf5 {[%mdl 4096] Endgame KQ-KRR} 37. Rc7 Qf2 38. a4 Kg7 39. Rc3 a5 40. Rf3 Qe2 (40... Qb2 $1 $11) 41. Rdf1 $1 $16 Qe6 42. Rf5 f6 43. Rxa5 Qxb3 44. Ra7+ Kg8 (44... Kg6 $16) 45. Rc1 ({Don't go for} 45. Rxf6 $2 Qb1+ 46. Kh2 Qb8+ 47. Kh1 Qxa7 $19) (45. Re1 $1 $18 {[%cal Re1e8]} Kf8 46. Rc1) 45... Qe6 46. a5 g4 47. Rb1 {Threatening mate with Rb8+.} Qe5 (47... Qc8 $14) 48. hxg4 h3 (48... Qe8 $16 {was worth a try.}) 49. Ra8+ $18 Kg7 50. Rb7+ Kh6 51. Rh8+ Kg6 52. Rxh3 Qxa5 53. Rbb3 Qe1+ 54. Kh2 Qe5+ (54... Qe4 55. Rbf3 Qe5+ 56. Rfg3 Kf7 57. Rh7+ Ke8) 55. Rbg3 Qb8 $2 {[%mdl 8192]} (55... Qe7 $16 56. Rh5 Qc7) 56. Rh5 $1 {[%cal Rh5f5]} Qf4 (56... Kf7 $142 57. Kh3 Qb1) 57. Kh3 Qf1 {[%cal Rf1h1]} 58. Rf3 Qh1+ 59. Kg3 Qe1+ 60. Kh2 Qd2 $2 (60... Kg7 61. Kh3 Qh1+ 62. Kg3 Qe1+ 63. Kh2 Kg6) 61. Rhf5 Qh6+ 62. Kg3 Qc1 63. Rxf6+ Kg7 64. R6f5 (64. Kh4 $142 Qh1+ 65. Kg5 Qc1+ 66. R3f4 Qc7 67. Kh5 Qd8 68. Rf7+ Kg8 69. Rf8+ Qxf8 70. Rxf8+ Kxf8 71. Kh6) 64... Qe1+ 65. Kh2 Qh4+ 66. Rh3 Qd8 67. g5 $2 (67. Re3 Qh4+ 68. Rh3) 67... Kg6 $2 (67... Qb8+ 68. Rg3 Qh8+ 69. Kg1 Qe8) 68. Rhf3 $2 (68. Rf6+ Kg7 69. Re3) 68... Qh8+ $2 (68... Qb8+ 69. Kh3 Qh8+ 70. Kg3 Qb8+ 71. Kg4 Qc8) 69. Kg3 Qb8+ 70. Kg4 $2 (70. R3f4 $1 $18 Qc7 71. Rd5) 70... Qc8 $16 71. Kg3 Qb8+ $1 72. R3f4 $1 Qc7 73. Kh3 $2 (73. Kh4 Qh7+ 74. Kg3 Qc7 $18) (73. Rf6+ Kxg5 74. Rf8) 73... Qh7+ 74. Kg3 Qc7 $1 75. Kh2 $2 ({Weaker is} 75. Kh4 Qh7+ 76. Kg3 Qc7 $18) (75. Rf8 Kxg5 76. R8f6) 75... Qh7+ $18 76. Kg1 Qa7+ 77. Rf2 $1 Qa1+ 78. Rf1 Qa7+ 79. R1f2 (79. R5f2 $1 $18) 79... Qa1+ $1 $16 80. Kh2 Qh8+ 81. Kg3 Qb8+ 82. Kg4 {And now Rf6+ would win.} Qc8 83. g3 (83. Rf1 $16) 83... Qd7 84. R2f3 Qc8 85. Kh3 ({Not} 85. Kh4 Qh8+ 86. Kg4 Qd4+ 87. Kh3 Qh8+ 88. Kg2 Qb2+ 89. Rf2 Qb7+ 90. R2f3 Qb2+ 91. Rf2 Qb7+ 92. Kh2 Qh7+ 93. Kg2 Qb7+ $16) 85... Qh8+ $2 (85... Qd7 $1 $11 {and Black has nothing to worry.}) 86. Kg2 $1 $18 Qb2+ 87. Rf2 Qb7+ 88. Kh2 Qh7+ 89. Kg1 $1 Qa7 90. Rd5 (90. Rf8 $16) 90... Qa1+ $2 {[%mdl 8192]} (90... Qe3 $11 {and Black stays safe.}) 91. Kh2 Qh8+ 92. Kg2 $1 Qa8 93. Rf6+ Kg7 94. Rfd6 Qa2+ 95. Rd2 (95. Kf3 $1 $18) 95... Qa8+ $16 96. Kf2 {Strongly threatening R2d4.} Qh1 (96... Qf8+ $16 {keeps fighting.} 97. Kg2 Qa8+ 98. R2d5 Qa2+ 99. Rd2 Qa5) 97. Ke3 $18 {Black must now prevent Kf4.} Qg1+ $2 (97... Qc1 $16 98. Kf4 Qb1 99. Rd7+ Kf8) 98. Kf4 Qf1+ 99. Kg4 Qc4+ 100. Kh5 Qf7+ {[#]} 101. Kh4 $1 {Rd7! would kill now.} Qc4+ 102. g4 Qf1 103. Rd7+ Kf8 104. g6 $2 (104. Rd8+ $18 {is the precise move to win.} Kf7 105. R2d7+ Ke6 106. g6 Qf6+ 107. Kh5 Qe5+ 108. Kh6 Qf4+ 109. Kg7) 104... Qf6+ $2 {[%mdl 8192] [#]} (104... Qh1+ $16 105. Kg5 Qc1) 105. Kh5 $1 {White mates.} Qe5+ 106. g5 Qa1 107. Rf7+ Ke8 108. Re2+ Kd8 109. g7 {[%cal Rg7g8]} Qh1+ 110. Kg6 {[%cal Rg7g8]} Qb1+ 111. Rf5 Qb6+ 112. Kh7 Qb7 113. Rf8+ {Weighted Error Value: White=0.22/Black=0.52} 1-0

[Event "Croatian junior league 2021"]
[Site "Rabac"]
[Date "2021.04.07"]
[Round "4.15"]
[White "Zekic, Patrik"]
[Black "Hergotic, Mihael"]
[Result "1/2-1/2"]
[WhiteElo "1731"]
[BlackElo "1476"]
[Annotator "NA RC"]
[PlyCount "98"]
[EventDate "2021.04.06"]
[EventType "swiss"]
[EventCountry "CRO"]
[SourceTitle "playchess.com"]
[Source "ChessBase"]
[SourceQuality "1"]
[TimeControl "5400+30"]

1. d4 {[%emt 0:01:35]} d5 {[%emt 0:00:12]} 2. c4 {[%emt 0:00:22]} e6 {[%emt 0:00:28]} 3. Nc3 {[%emt 0:00:12]} Nf6 {[%emt 0:00:06]} 4. Bg5 {[%emt 0:00:20]} c6 {[%emt 0:00:52]} 5. e3 {[%emt 0:00:57]} Nbd7 {[%emt 0:00:10]} 6. Nf3 {[%emt 0:00:37]} Qa5 {[%emt 0:00:11]} 7. Bxf6 {[%emt 0:03:12]} Nxf6 {[%emt 0:00:02]} 8. Nd2 {[%emt 0:00:41]} Be7 {[%emt 0:01:25]} 9. Bd3 {[%emt 0:00:10]} O-O {[%emt 0:00:32]} 10. O-O {[%emt 0:00:06]} Qc7 {[%emt 0:00:45]} 11. Rc1 {[%emt 0:01:05]} Re8 {[%emt 0:01:07]} 12. h3 {[%emt 0:06:48]} Bf8 {[%emt 0:03:59]} 13. Qf3 {[%emt 0:19:21]} Qd7 {[%emt 0:01:20]} 14. Qg3 {[%emt 0:09:35]} Bd6 {[%emt 0:02:52]} 15. Qh4 {[%emt 0:04:44]} Be7 {[%emt 0:00:14]} 16. Qg3 {[%emt 0:06:23]} Bd6 {[%emt 0:00:02]} 17. Qf3 {[%emt 0:03:45]} b6 {[%emt 0:02:40]} 18. cxd5 {[%emt 0:00:31]} exd5 {[%emt 0:00:42]} 19. e4 {[%emt 0:04:54]} dxe4 {[%emt 0:02:39]} 20. Ncxe4 {[%emt 0:06:10]} Nxe4 {[%emt 0:09:34]} 21. Bxe4 {[%emt 0:01:58]} Bb7 {[%emt 0:01:03]} 22. Bxc6 {[%emt 0:01:20]} Bxc6 {[%emt 0:00:08]} 23. Qxc6 {[%emt 0:00:08]} Qxc6 {[%emt 0:00:30]} 24. Rxc6 {[%emt 0:00:18]} Bf4 {[%emt 0:00:32]} 25. Nf3 {[%emt 0:02:14]} Re2 {[%emt 0:00:10]} 26. g3 {[%emt 0:03:07]} Bh6 {[%emt 0:00:55]} 27. Rb1 {[%emt 0:04:39]} Rae8 {[%emt 0:01:06]} 28. Kf1 {[%emt 0:00:45]} g6 {[%emt 0:02:15]} 29. Re1 {[%emt 0:02:03]} Rxe1+ {[%emt 0:03:33]} 30. Nxe1 {[%emt 0:00:40]} Rd8 {[%emt 0:00:28]} 31. Nf3 {[%emt 0:00:29]} Bg7 {[%emt 0:00:12]} 32. Rc4 {[%emt 0:00:51]} Re8 {[%emt 0:01:12]} 33. Rc2 {[%emt 0:01:53]} f5 {[%emt 0:00:02]} 34. Rd2 {[%emt 0:00:46]} Kf7 {[%emt 0:01:16]} 35. Ne1 {[%emt 0:00:31]} Ke6 {[%emt 0:00:55]} 36. Re2+ {[%emt 0:01:19]} Kd7 {[%emt 0:00:21]} 37. Rxe8 {[%emt 0:00:29]} Kxe8 {[%emt 0:00:02]} 38. Nc2 {[%emt 0:00:07]} Kd7 {[%emt 0:00:18]} 39. Ke2 {[%emt 0:00:07]} Kd6 {[%emt 0:00:11]} 40. Kd3 {[%emt 0:00:05]} g5 {[%emt 0:00:47]} 41. g4 {[%emt 0:06:46]} fxg4 {[%emt 0:02:09]} 42. hxg4 {[%emt 0:00:04]} Bf6 {[%emt 0:00:39]} 43. Ke4 {[%emt 0:00:23]} Ke6 {[%emt 0:00:26]} 44. Ne3 {[%emt 0:00:41]} Bd8 {[%emt 0:00:53]} 45. Nf5 {[%emt 0:01:16]} a5 {[%emt 0:00:27]} 46. d5+ {[%emt 0:00:53]} Kf6 {[%emt 0:00:33]} 47. b3 {[%emt 0:00:59]} Bc7 {[%emt 0:00:44]} 48. d6 {[%emt 0:00:21]} Bd8 {[%emt 0:00:02]} 49. Kd5 {[%emt 0:00:10]} h5 {[%emt 0:09:10]} 1/2-1/2

[Event "Croatian junior league 2021"]
[Site "Rabac"]
[Date "2021.04.07"]
[Round "4.16"]
[White "Damjanovic, Stjepan"]
[Black "Bunic, Emanuel"]
[Result "1-0"]
[WhiteElo "1890"]
[BlackElo "1839"]
[Annotator "NA RC"]
[PlyCount "160"]
[EventDate "2021.04.06"]
[EventType "swiss"]
[EventCountry "CRO"]
[SourceTitle "playchess.com"]
[Source "ChessBase"]
[SourceQuality "1"]
[TimeControl "5400+30"]

1. e4 {[%emt 0:00:00]} e5 {[%emt 0:00:00]} 2. Nf3 {[%emt 0:00:00]} Nc6 {[%emt 0:00:00]} 3. Bc4 {[%emt 0:00:06]} Bc5 {[%emt 0:00:27]} 4. d3 {[%emt 0:00:13]} Nf6 {[%emt 0:00:06]} 5. c3 {[%emt 0:00:13]} d6 {[%emt 0:00:53]} 6. O-O {[%emt 0:00:11]} O-O {[%emt 0:00:47]} 7. h3 {[%emt 0:00:27]} a5 {[%emt 0:00:27]} 8. Nbd2 {[%emt 0:00:31]} h6 {[%emt 0:00:25]} 9. Re1 {[%emt 0:00:31]} Be6 {[%emt 0:00:40]} 10. Bb3 {[%emt 0:01:52]} Bxb3 {[%emt 0:03:35]} 11. Qxb3 {[%emt 0:03:09]} a4 {[%emt 0:00:49]} 12. Qc2 {[%emt 0:01:13]} Re8 {[%emt 0:01:20]} 13. Nf1 {[%emt 0:01:42]} Qd7 {[%emt 0:03:04]} 14. Be3 {[%emt 0:01:28]} Bxe3 {[%emt 0:00:54]} 15. Nxe3 {[%emt 0:00:36]} Nh5 {[%emt 0:03:28]} 16. Nf5 {[%emt 0:05:16]} Nf4 {[%emt 0:03:46]} 17. Kh2 {[%emt 0:01:52]} Ne7 {[%emt 0:04:47]} 18. Nxe7+ {[%emt 0:07:21]} Rxe7 {[%emt 0:01:03]} 19. Qd2 {[%emt 0:01:02]} Kh7 {[%emt 0:08:12]} 20. Rad1 {[%emt 0:02:58]} g5 {[%emt 0:01:54]} 21. Qe3 {[%emt 0:04:06]} Rg8 {[%emt 0:02:56]} 22. d4 {[%emt 0:05:49]} f6 {[%emt 0:01:01]} 23. dxe5 {[%emt 0:02:21]} fxe5 {[%emt 0:00:45]} 24. Ng1 {[%emt 0:01:32]} g4 {[%emt 0:16:42]} 25. h4 {[%emt 0:04:38]} Rf7 {[%emt 0:01:25]} 26. g3 {[%emt 0:01:20]} Qe7 {[%emt 0:01:38]} 27. Rd2 {[%emt 0:03:19]} Rgf8 {[%emt 0:05:01]} 28. Rf1 {[%emt 0:06:54]} Nh5 {[%emt 0:07:00]} 29. Kg2 {[%emt 0:02:16]} Qe6 {[%emt 0:01:04]} 30. a3 {[%emt 0:03:34]} Qg6 {[%emt 0:00:57]} 31. Qd3 {[%emt 0:03:12]} Nf6 {[%emt 0:01:46]} 32. Re1 {[%emt 0:01:29]} Nd7 {[%emt 0:00:37]} 33. Qc2 {[%emt 0:08:04]} Nc5 {[%emt 0:00:35]} 34. Rde2 {[%emt 0:01:01]} Qe6 {[%emt 0:02:45]} 35. Rf1 {[%emt 0:02:05]} Rf6 {[%emt 0:05:21]} 36. Re3 {[%emt 0:01:21]} Nb3 {[%emt 0:02:19]} 37. Ne2 {[%emt 0:03:17]} Rf3 {[%emt 0:01:37]} 38. Nc1 {[%emt 0:03:46]} Rxe3 {[%emt 0:01:57]} 39. fxe3 {[%emt 0:00:11]} Rxf1 {[%emt 0:00:50]} 40. Kxf1 {[%emt 0:00:23]} Nxc1 {[%emt 0:00:39]} 41. Qxc1 {[%emt 0:00:19]} Qc4+ {[%emt 0:00:17]} 42. Kf2 {[%emt 0:00:13]} Qxe4 {[%emt 0:00:12]} 43. Qd1 {[%emt 0:00:10]} Kg6 {[%emt 0:00:37]} 44. Qe2 {[%emt 0:00:05]} c6 {[%emt 0:00:37]} 45. Qd1 {[%emt 0:00:11]} d5 {[%emt 0:00:46]} 46. Qe2 {[%emt 0:00:10]} Kf6 {[%emt 0:00:48]} 47. Qd1 {[%emt 0:00:11]} Ke6 {[%emt 0:00:34]} 48. Qe2 {[%emt 0:00:17]} Kd6 {[%emt 0:00:34]} 49. Qd1 {[%emt 0:00:18]} Kc5 {[%emt 0:03:59]} 50. Qe2 {[%emt 0:00:29]} h5 {[%emt 0:01:18]} 51. Qd1 {[%emt 0:00:13]} b5 {[%emt 0:01:04]} 52. Qe2 {[%emt 0:00:13]} Qh1 {[%emt 0:01:34]} 53. Qd3 {[%emt 0:02:19]} Qg2+ {[%emt 0:00:23]} 54. Ke1 {[%emt 0:00:13]} Qxg3+ {[%emt 0:00:17]} 55. Kd2 {[%emt 0:00:06]} Qg2+ {[%emt 0:00:22]} 56. Kc1 {[%emt 0:00:19]} Qe4 {[%emt 0:00:18]} 57. Qf1 {[%emt 0:01:11]} Qxe3+ {[%emt 0:00:29]} 58. Kb1 {[%emt 0:00:04]} Qf4 {[%emt 0:00:43]} 59. Qg1+ {[%emt 0:00:15]} d4 {[%emt 0:00:29]} 60. cxd4+ {[%emt 0:00:03]} exd4 {[%emt 0:00:25]} 61. Qe1 {[%emt 0:00:08]} Kd5 {[%emt 0:01:28]} 62. Ka1 {[%emt 0:00:29]} Qe4 {[%emt 0:01:14]} 63. Qf1 {[%emt 0:00:48]} d3 {[%emt 0:01:11]} 64. Qf7+ {[%emt 0:00:12]} Kd4 {[%emt 0:00:57]} 65. Qf2+ {[%emt 0:00:25]} Kc4 {[%emt 0:01:26]} 66. Qf7+ {[%emt 0:00:10]} Qd5 {[%emt 0:00:25]} 67. Qf4+ {[%emt 0:00:06]} Kb3 {[%emt 0:01:36]} 68. Qb4+ {[%emt 0:01:14]} Kc2 {[%emt 0:00:10]} 69. Qc3+ {[%emt 0:00:10]} Kd1 {[%emt 0:00:08]} 70. Qf6 {[%emt 0:00:58]} d2 {[%emt 0:00:56]} 71. Qf1+ {[%emt 0:00:12]} Kc2 {[%emt 0:00:21]} 72. Qb1+ {[%emt 0:00:05]} Kb3 {[%emt 0:00:29]} 73. Qd1+ {[%emt 0:00:39]} Kc4 {[%emt 0:00:34]} 74. Qc2+ {[%emt 0:00:04]} Kd4 {[%emt 0:00:07]} 75. Qxd2+ {[%emt 0:00:10]} Ke4 {[%emt 0:00:50]} 76. Qc2+ {[%emt 0:00:37]} Kf3 {[%emt 0:00:56]} 77. Qc3+ {[%emt 0:00:20]} Kg2 {[%emt 0:00:22]} 78. Qe1 {[%emt 0:03:32]} g3 {[%emt 0:01:43]} 79. b4 {[%emt 0:06:10]} Qd4+ {[%emt 0:01:13]} 80. Ka2 {[%emt 0:00:10]} Qf2+ {[%emt 0:00:36]} 1-0

[Event "Croatian junior league 2021"]
[Site "Rabac"]
[Date "2021.04.07"]
[Round "4.17"]
[White "Zadro, Matej"]
[Black "Mandaric, Fran"]
[Result "1-0"]
[WhiteElo "1742"]
[BlackElo "1684"]
[Annotator "NA RC"]
[PlyCount "89"]
[EventDate "2021.04.06"]
[EventType "swiss"]
[EventCountry "CRO"]
[SourceTitle "playchess.com"]
[Source "ChessBase"]
[SourceQuality "1"]
[TimeControl "5400+30"]

1. e4 {[%emt 0:00:00]} c5 {[%emt 0:00:00]} 2. Nf3 {[%emt 0:00:00]} Nc6 {[%emt 0:00:00]} 3. d4 {[%emt 0:00:00]} cxd4 {[%emt 0:00:00]} 4. Nxd4 {[%emt 0:00:02]} g6 {[%emt 0:00:07]} 5. Be3 {[%emt 0:00:11]} Bg7 {[%emt 0:00:13]} 6. Nc3 {[%emt 0:00:11]} d6 {[%emt 0:00:12]} 7. Bc4 {[%emt 0:01:28]} Nf6 {[%emt 0:00:28]} 8. f3 {[%emt 0:00:05]} O-O {[%emt 0:00:12]} 9. Qd2 {[%emt 0:00:03]} Ne5 {[%emt 0:02:34]} 10. Bb3 {[%emt 0:01:14]} Bd7 {[%emt 0:01:54]} 11. O-O-O {[%emt 0:05:05]} a6 {[%emt 0:04:37]} 12. g4 {[%emt 0:03:29]} b5 {[%emt 0:03:07]} 13. h4 {[%emt 0:06:10]} b4 {[%emt 0:18:32]} 14. Nd5 {[%emt 0:03:56]} Nxd5 {[%emt 0:07:21]} 15. Bxd5 {[%emt 0:00:23]} Rb8 {[%emt 0:00:30]} 16. h5 {[%emt 0:11:39]} Nxf3 {[%emt 0:16:12]} 17. Nxf3 {[%emt 0:02:27]} Bxg4 {[%emt 0:00:20]} 18. hxg6 {[%emt 0:05:32]} e6 {[%emt 0:06:34]} 19. Bh6 {[%emt 0:21:40]} Qf6 {[%emt 0:20:03]} 20. Bxg7 {[%emt 0:01:47]} Qxg7 {[%emt 0:00:17]} 21. Rdg1 {[%emt 0:00:24]} exd5 {[%emt 0:01:11]} 22. Rxg4 {[%emt 0:01:32]} fxg6 {[%emt 0:01:41]} 23. Ng5 {[%emt 0:02:42]} d4 {[%emt 0:08:15]} 24. Ne6 {[%emt 0:10:15]} Qd7 {[%emt 0:00:34]} 25. Nxf8 {[%emt 0:00:29]} Qxg4 {[%emt 0:00:17]} 26. Nxh7 {[%emt 0:00:06]} Qf3 {[%emt 0:01:11]} 27. Qh6 {[%emt 0:00:34]} Qe3+ {[%emt 0:02:10]} 28. Qxe3 {[%emt 0:00:45]} dxe3 {[%emt 0:00:06]} 29. Nf6+ {[%emt 0:02:31]} Kg7 {[%emt 0:00:06]} 30. Nd5 {[%emt 0:00:09]} Re8 {[%emt 0:01:18]} 31. Rh4 {[%emt 0:02:59]} e2 {[%emt 0:01:26]} 32. Kd2 {[%emt 0:00:46]} a5 {[%emt 0:00:22]} 33. Kxe2 {[%emt 0:00:29]} Re5 {[%emt 0:00:07]} 34. Kd3 {[%emt 0:01:00]} g5 {[%emt 0:00:10]} 35. Rh1 {[%emt 0:01:01]} g4 {[%emt 0:00:18]} 36. Ke3 {[%emt 0:00:06]} Kg6 {[%emt 0:00:19]} 37. Rh8 {[%emt 0:00:06]} Kg5 {[%emt 0:00:14]} 38. Rg8+ {[%emt 0:00:31]} Kh4 {[%emt 0:00:15]} 39. Kf4 {[%emt 0:00:07]} Kh3 {[%emt 0:00:38]} 40. Rh8+ {[%emt 0:00:25]} Kg2 {[%emt 0:00:17]} 41. Ne3+ {[%emt 0:00:05]} Kg1 {[%emt 0:00:14]} 42. Nxg4 {[%emt 0:00:19]} Rc5 {[%emt 0:00:30]} 43. Ne3 {[%emt 0:00:07]} a4 {[%emt 0:00:13]} 44. Rd8 {[%emt 0:00:30]} Rh5 {[%emt 0:00:43]} 45. Rxd6 {[%emt 0:00:27]} 1-0

[Event "Croatian junior league 2021"]
[Site "Rabac"]
[Date "2021.04.07"]
[Round "4.18"]
[White "Juric, Ester"]
[Black "Horcicka, Jan"]
[Result "0-1"]
[WhiteElo "1587"]
[BlackElo "1698"]
[Annotator "NA RC"]
[PlyCount "62"]
[EventDate "2021.04.06"]
[EventType "swiss"]
[EventCountry "CRO"]
[SourceTitle "playchess.com"]
[Source "ChessBase"]
[SourceQuality "1"]
[TimeControl "5400+30"]

1. d4 {[%emt 0:00:00]} d5 {[%emt 0:00:00]} 2. Nf3 {[%emt 0:00:13]} Nf6 {[%emt 0:00:45]} 3. c4 {[%emt 0:00:51]} c6 {[%emt 0:00:45]} 4. cxd5 {[%emt 0:01:11]} cxd5 {[%emt 0:00:05]} 5. Nc3 {[%emt 0:00:45]} Nc6 {[%emt 0:00:52]} 6. Bf4 {[%emt 0:02:15]} a6 {[%emt 0:01:58]} 7. e3 {[%emt 0:02:35]} Bf5 {[%emt 0:01:04]} 8. Bd3 {[%emt 0:02:44]} Bxd3 {[%emt 0:05:24]} 9. Qxd3 {[%emt 0:00:05]} e6 {[%emt 0:00:02]} 10. O-O {[%emt 0:02:21]} Be7 {[%emt 0:00:49]} 11. a3 {[%emt 0:01:36]} Rc8 {[%emt 0:00:26]} 12. b4 {[%emt 0:03:53]} O-O {[%emt 0:01:21]} 13. Rac1 {[%emt 0:01:35]} Qb6 {[%emt 0:02:32]} 14. Na4 {[%emt 0:12:27]} Qa7 {[%emt 0:00:07]} 15. Ne5 {[%emt 0:02:36]} a5 {[%emt 0:03:27]} 16. Nxc6 {[%emt 0:06:07]} bxc6 {[%emt 0:03:30]} 17. Nc5 {[%emt 0:08:31]} Ra8 {[%emt 0:02:36]} 18. b5 {[%emt 0:09:21]} cxb5 {[%emt 0:01:42]} 19. Qxb5 {[%emt 0:00:06]} Nh5 {[%emt 0:03:12]} 20. Bg3 {[%emt 0:06:21]} Nxg3 {[%emt 0:00:55]} 21. hxg3 {[%emt 0:00:05]} Rab8 {[%emt 0:00:35]} 22. Qe2 {[%emt 0:03:48]} Rfc8 {[%emt 0:02:45]} 23. Qa2 {[%emt 0:16:37]} Bxc5 {[%emt 0:00:32]} 24. dxc5 {[%emt 0:00:04]} Rxc5 {[%emt 0:00:03]} 25. Rxc5 {[%emt 0:00:17]} Qxc5 {[%emt 0:00:01]} 26. Rb1 {[%emt 0:00:12]} Rxb1+ {[%emt 0:00:57]} 27. Qxb1 {[%emt 0:00:04]} Qxa3 {[%emt 0:00:05]} 28. Qb8+ {[%emt 0:00:21]} Qf8 {[%emt 0:00:02]} 29. Qa7 {[%emt 0:00:11]} Qd8 {[%emt 0:00:18]} 30. Qa6 {[%emt 0:01:29]} h6 {[%emt 0:00:23]} 31. Qc6 {[%emt 0:00:27]} e5 {[%emt 0:00:43]} 0-1

[Event "Croatian junior league 2021"]
[Site "Rabac"]
[Date "2021.04.07"]
[Round "4.19"]
[White "Kostic, Lovro"]
[Black "Markovic, Marko"]
[Result "0-1"]
[WhiteElo "1367"]
[BlackElo "2232"]
[Annotator "TA"]
[PlyCount "42"]
[EventDate "2021.04.06"]
[EventType "swiss"]
[EventCountry "CRO"]
[SourceTitle "playchess.com"]
[Source "ChessBase"]
[SourceQuality "1"]

{[%evp 18,42,0,0,0,0,12,-8,56,56,87,-391,-407,-395,-389,-488,-435,-556,-527,-513,-437,-556,-556,-716,-715,-1569,-1562]} 1. d4 d5 2. Nf3 Nf6 3. c4 e6 4. e3 Be7 5. b3 O-O 6. Bd3 b6 7. O-O Nbd7 8. Bb2 Bb7 9. Nbd2 c5 10. Rc1 cxd4 {E14: Queen's Indian: Classical Variation (4 e3).} 11. exd4 Bb4 {[#]} 12. Ne5 $146 ({Predecessor:} 12. Qc2 Rc8 13. Rfd1 h6 14. Nf1 Qe7 15. Qe2 Rfd8 16. Ne3 Nh5 17. g3 dxc4 18. Bxc4 {1-0 (34) Head,L (1937)-Young,D (1952) England 2016}) 12... Bxd2 (12... dxc4 $11 13. Ndxc4 Nd5) 13. Qxd2 $14 dxc4 14. Bxc4 {[%mdl 8192] White does not recover from this.} (14. Nxc4 $16 {and life is bright.} Ba6 15. Rfe1) 14... Nxe5 $19 {[%mdl 64] [#] Pin} 15. Ba3 Nxc4 16. Rxc4 Re8 {Black is clearly winning.} 17. Rfc1 Qd5 {[%csl Gb7][%cal Rd5g2]} 18. f3 Ba6 19. Rc7 e5 20. Rd1 exd4 {Strongly threatening ...Re2.} 21. Qxd4 {[#]} Re1+ $1 {[%mdl 576] Double Attack.  Weighted Error Value: White=1.60/Black=0.28} 0-1